JianHao Tan "Titan Academy" - Statistics

General Stats
  • This quiz has been taken 654 times
    402 since last reset
  • The average score is 17 of 37
Answer Stats
Question Answer % Correct
In which country is the series set and filmed? Singapore
95%
Who is the main character? JianHao Tan
86%
Disrespected P.E. teacher. Mr Dan
79%
Principal of the school. Miss Siti
77%
Which company produces and owns the series? Titan Digital Media
74%
Teacher who is always pregnant. Madam (Karen) Soot Beng
73%
Nice form teacher of T1T5. Miss Sherly
72%
Overweight student and strict hall monitor. Kevin
66%
Smartest in the class, with high expectations Denise
63%
Annoying student, in a love triangle. Vincent
60%
He is popular, but lazy and often sleeps in class. Ben
55%
Tan family pet (crocodile) Gong Gong
50%
Twin sister of main character. Nicole Tan
50%
Above student's quiet ex-girlfriend Vicky Soot Beng
48%
Serves mashed potatoes. Betty
47%
Sister of Ren Yi Xiang Diana
46%
Mysterious student who works with the Organisation. Teverly
46%
Desperate to be seen by crush. Debbie
45%
Non-attentive student, who fails every exam. Hakim
44%
Leader of Organisation Mr Alan
42%
Had a big personality change until being hit on the head. Ren Yi Xiang
42%
First student expelled by the Organisation Cleverly
41%
Gamer, girlfriend of above. Julynn
41%
Influencer student Jasmine
40%
Strict teacher from Organisation Mrs Regna
39%
Sylvia's butler. Walater
39%
"Cheated on" above. Pei Shi
37%
Loud student, who sacrifices themself for the class in the second short film. Cherylene
35%
Student who was saved from Organisation and moved to T1T5. Maddie
35%
"Biggest Fan" of main character. Sunny
35%
Mysterious student who "doesn't even go here" Vicknesh
27%
Was homeschooled so now finds it hard to make friends Timmy
25%
Junior girl, who is friends with seniors Grace-Chloe
18%
Musical arts student (PEMDAS) Tyler
18%
Sister of above (Night School Student) Jazelynn
17%
Always on her phone. Tiffany
12%
Tiktoker, and quiet student Fierra
10%
No matching quizzes found
Score Distribution
Percent of People with Each Score
Percentile by Number Answered
Your Score History
You have not taken this quiz since the last reset